| 000 | 00500nam a2200145 a 4500 | ||
|---|---|---|---|
| 008 | 120416s1981 ||||||||||||||||| || u | ||
| 050 | _aHF 1411 Tra | ||
| 100 | _aGmur, Charles J | ||
| 245 | 1 | 0 | _aTrade financing |
| 246 | _aco-ordinated by Charles J. Gmur | ||
| 260 |
_aLondon _bEuromoney _c1981 |
||
| 300 | _a190p. : ill. | ||
| 350 | _a0.00 | ||
| 995 |
_D0.00 _FCBU-MAIN LIBRARY (Kitwe) _H1 _I0.00 _M1 _UAVAILABLE _ZMain Library Open Access Collection |
||
| 999 |
_c60172 _d60172 |
||